Word Ladder: Get a Job and... Quiz Stats

 Plays Quiz Updated Nov 7, 2018

     
Support Sporcle.
Go Orange.
Score 0/20 Timer 02:00
0 Plays Today
Clue 4-Letter Word % Correct
Bottom of a shoeSOLE
96.7%
Like ice, temperaturewise•COLD•
95.5%
Difficult•HARD•
94.3%
Auctioneer's crySOLD
93.6%
Ace or jack, e.g.CARD
92%
Partner of 'truth' in a kids' gameDARE
91.8%
Knighted womanDAME
88.8%
Young male horseCOLT
88.7%
ATM output•CASH•
88.7%
Do a sheepdog's workHERD
88.2%
Clue 4-Letter Word % Correct
Vague quantity•SOME•
86.5%
Stephen King's 'Under the ____'DOME
84.6%
Join metals with heatWELD
84.2%
Market transportationCART
84%
Kept in confinementHELD
82.7%
Movie credits listCAST
82.7%
Speaker of Irish or WelshCELT
81.6%
Mend knitted materialDARN
78.4%
Lashing reminderWELT
77.6%
Work to receive payment•EARN•
67%

Today's Daily Dose

Word Ladder
Drink to Me

Get the Picture
Big 4 'R' All-Stars

From the Vault

Close-Up Movie Posters VI

by NewCompanion

Movies 5m
Don't worry, this is nothing at all like sitting in the front row of the movie theater.
Remove Ads.
Support Sporcle.
Get the best of Sporcle when you Go Orange. This ad-free experience offers more features, more stats, and more fun while also helping to support Sporcle. Thank you for becoming a member.

Show Comments

Extras

Top Quizzes Today


Score Distribution

Your Account Isn't Verified!

In order to create a playlist on Sporcle, you need to verify the email address you used during registration. Go to your Sporcle Settings to finish the process.

Report this User

Report this user for behavior that violates our Community Guidelines.

Details: